[Event "Pardubice Chladek&Tintera op"]
[Site "Pardubice"]
[Date "2014.07.17"]
[Round "8"]
[White "Zhylkaidarova, Sholpan"]
[Black "Schneider, Rafael"]
[Result "0-1"]
[WhiteElo "2098"]
[BlackElo "1910"]
[PlyCount "108"]
[EventDate "2014.07.16"]
[EventType "swiss (rapid)"]
[EventRounds "9"]
[EventCountry "CZE"]
[SourceTitle "EXT 2015"]
[Source "ChessBase"]
[SourceDate "2014.11.20"]
[SourceVersion "1"]
[SourceVersionDate "2014.11.20"]
[SourceQuality "1"]

1. d4 Nf6 2. c4 g6 3. Nc3 Bg7 4. e4 d6 5. Nf3 0-0 6. Be2 Nbd7 7. 0-0 e5 8. Qc2 exd4 9. Nxd4 Nc5 10. Rd1 Qe7 11. f3 a6 12. Be3 Re8 13. Bf2 Ne6 14. Nxe6 Bxe6 15. Nd5 Bxd5 16. cxd5 Rac8 17. Qb3 c5 18. dxc6 Rxc6 19. Qb4 d5 20. Qxe7 Rxe7 21. exd5 Nxd5 22. Rxd5 Rxe2 23. Rd8+ Bf8 24. b4 Rce6 25. Rad1 Re8 26. a3 a5 27. bxa5 Bxa3 28. Rxe8+ Rxe8 29. Rb1 Re5 30. Be1 Kf8 31. Kf1 Re7 32. Bc3 Ke8 33. Bf6 Re6 34. Bh4 Re5 35. Be1 Re7 36. f4 Rd7 37. Bh4 Bd6 38. Re1+ Kf8 39. Bg3 Bb4 40. Re5 f5 41. Rb5 Bc3 42. Ke2 Rd2+ 43. Kf3 Rd3+ 44. Ke2 Rd2+ 45. Ke3 Rxg2 46. Kd3 Rb2 47. Rd5 Rd2+ 48. Kc4 Rxd5 49. Kxd5 Bxa5 50. Kd6 Kf7 51. Bh4 Bd2 52. Bg3 b5 53. Kc5 b4 54. Kc4 Ke6 0-1

[Event "EU-ch U16 19th"]
[Site "Fermo"]
[Date "2009.09.09"]
[Round "9"]
[White "Immonen, Vihtori"]
[Black "Schneider, Rafael"]
[Result "1/2-1/2"]
[WhiteElo "1872"]
[BlackElo "1823"]
[PlyCount "59"]
[EventDate "2009.08.31"]
[EventType "swiss"]
[EventRounds "9"]
[EventCountry "ITA"]
[SourceTitle "CBM 132 Extra"]
[Source "ChessBase"]
[SourceDate "2009.11.03"]
[SourceVersion "1"]
[SourceVersionDate "2009.11.03"]
[SourceQuality "1"]

1. e4 c5 2. Nf3 Nc6 3. d4 cxd4 4. Nxd4 Nf6 5. Nc3 e5 6. Ndb5 d6 7. Bg5 a6 8. Na3 Be6 9. Nc4 Rc8 10. Ne3 Be7 11. Bxf6 Bxf6 12. Ncd5 Bg5 13. c3 Bxe3 14. Nxe3 Ne7 15. Qa4+ Qd7 16. Qxd7+ Bxd7 17. 0-0-0 Rc6 18. Nc4 Nc8 19. Kc2 Be6 20. b3 0-0 21. Rd2 f5 22. Bd3 Ne7 23. exf5 Bxf5 24. Bxf5 Nxf5 25. Rhd1 Rfc8 26. Nxd6 Rxc3+ 27. Kb1 Nxd6 28. Rxd6 R8c7 29. Rd8+ Kf7 30. R8d7+ 1/2-1/2

[Event "EU-ch U16 19th"]
[Site "Fermo"]
[Date "2009.09.03"]
[Round "4"]
[White "Schneider, Rafael"]
[Black "Genchev, Evgeni"]
[Result "0-1"]
[WhiteElo "1823"]
[BlackElo "1906"]
[PlyCount "38"]
[EventDate "2009.08.31"]
[EventType "swiss"]
[EventRounds "9"]
[EventCountry "ITA"]
[SourceTitle "CBM 132 Extra"]
[Source "ChessBase"]
[SourceDate "2009.11.03"]
[SourceVersion "1"]
[SourceVersionDate "2009.11.03"]
[SourceQuality "1"]

1. e4 c5 2. Nf3 a6 3. d4 cxd4 4. Nxd4 Nf6 5. Nc3 e5 6. Nf3 Nc6 7. Bc4 Be7 8. Bg5 0-0 9. a3 d6 10. Qd2 Be6 11. Bxf6 Bxf6 12. Nd5 Rc8 13. 0-0-0 Nd4 14. Nxf6+ Qxf6 15. Bxe6 Rxc2+ 16. Qxc2 Nxc2 17. Kxc2 Qxe6 18. Kb1 Qg4 19. Rxd6 Qxg2 0-1

[Event "EU-ch U16 19th"]
[Site "Fermo"]
[Date "2009.09.02"]
[Round "3"]
[White "Pozueta Alegria, Adrian"]
[Black "Schneider, Rafael"]
[Result "1-0"]
[WhiteElo "2022"]
[BlackElo "1823"]
[PlyCount "73"]
[EventDate "2009.08.31"]
[EventType "swiss"]
[EventRounds "9"]
[EventCountry "ITA"]
[SourceTitle "CBM 132 Extra"]
[Source "ChessBase"]
[SourceDate "2009.11.03"]
[SourceVersion "1"]
[SourceVersionDate "2009.11.03"]
[SourceQuality "1"]

1. e4 c5 2. Nc3 Nc6 3. g3 g6 4. Bg2 Bg7 5. d3 d6 6. Be3 e6 7. Qd2 Rb8 8. Nd1 b5 9. Ne2 Ne5 10. h3 Ne7 11. 0-0 0-0 12. Bh6 d5 13. Bxg7 Kxg7 14. f4 Nd7 15. f5 dxe4 16. fxe6 exd3 17. Qxd3 fxe6 18. Rxf8 Qxf8 19. Ne3 Nf5 20. Nf4 Qe7 21. Re1 Nxe3 22. Rxe3 Nf6 23. Nd5 Nxd5 24. Qxd5 Rb6 25. Qe5+ Kg8 26. Rd3 c4 27. Rd4 h6 28. Kh2 Kh7 29. h4 Qg7 30. Qxg7+ Kxg7 31. Rd8 Ba6 32. Rd7+ Kf6 33. Rxa7 e5 34. g4 Bc8 35. Kg3 b4 36. Bd5 Ba6 37. Rf7# 1-0

[Event "Vandoeuvre op 5th"]
[Site "Vandoeuvre"]
[Date "2008.12.30"]
[Round "9"]
[White "Steil Antoni, Fiona"]
[Black "Schneider, Rafael"]
[Result "1/2-1/2"]
[WhiteElo "2166"]
[BlackElo "1821"]
[PlyCount "42"]
[EventDate "2008.12.26"]
[EventType "swiss"]
[EventRounds "9"]
[EventCountry "FRA"]
[SourceTitle "CBM 127 Extra"]
[Source "ChessBase"]
[SourceDate "2009.01.08"]
[SourceVersion "2"]
[SourceVersionDate "2009.01.28"]
[SourceQuality "1"]

1. e4 c5 2. Nc3 Nc6 3. f4 e6 4. Nf3 d5 5. Bb5 Nge7 6. Qe2 d4 7. Nd1 a6 8. Bxc6+ Nxc6 9. 0-0 Be7 10. d3 0-0 11. Qf2 b5 12. Qg3 c4 13. a3 f5 14. exf5 exf5 15. Re1 Bf6 16. Nf2 Ra7 17. Bd2 c3 18. bxc3 dxc3 19. Be3 Re7 20. Bc5 Rxe1+ 21. Rxe1 Re8 1/2-1/2